Datos biográficos del presbítero, profesor y escritor Higinio Vázquez Sana Ana /
Higinio Vázquez Santa Ana (1888-1862) Escritor. Nació en Atemajac de Brizuela, Jalisco. Hizo estudios en su pueblo natal y pasó más tarde a la Normal de México. Sirvió en la Secretaría de Educación Pública y en algún tiempo tuvo el cargo de Oficial Mayor. Determinó ser sacerdote en 1939. Pasó a hace...
I tiakina i:
| Kaituhi matua: | |
|---|---|
| Hōputu: | Pukapuka |
| Reo: | Pāniora |
| I whakaputaina: |
México :
edición de autor,
1963, c1963
|
| Ngā marau: | |
| Ngā Tūtohu: |
Kāore He Tūtohu, Me noho koe te mea tuatahi ki te tūtohu i tēnei pūkete!
|
MARC
| LEADER | 00000nam^a2200000^a^4500 | ||
|---|---|---|---|
| 001 | 000151266 | ||
| 005 | 20250521000000.0 | ||
| 009 | 20260310100204.19 | ||
| 037 | |a Acervo ITESO - Biblioteca | ||
| 041 | |a ESP | ||
| 082 | |a 860. 92 |b AGR | ||
| 100 | |a Agraz García de Alba, Gabriel |e (autor) | ||
| 245 | 1 | 0 | |a Datos biográficos del presbítero, profesor y escritor Higinio Vázquez Sana Ana / |c G. Agraz García de Alba. |
| 264 | 4 | |a México : |b edición de autor, |c 1963, c1963 | |
| 300 | |a 53 p. | ||
| 336 | |a texto |b txt |2 rdacontenido | ||
| 337 | |a sin mediación |b n |2 rdamedio | ||
| 338 | |a volumen |b nc |2 rdasoporte | ||
| 520 | |a Higinio Vázquez Santa Ana (1888-1862) Escritor. Nació en Atemajac de Brizuela, Jalisco. Hizo estudios en su pueblo natal y pasó más tarde a la Normal de México. Sirvió en la Secretaría de Educación Pública y en algún tiempo tuvo el cargo de Oficial Mayor. Determinó ser sacerdote en 1939. Pasó a hacer estudios en Montezuma, EUA y se ordenó en 1942. Escribió muchos folletos y libros, de los cuales son los más importantes: Cantares y Corridos, Hombres ilustres de Michoacán, Cristos famosos de México, Danzas mexicanas, Calendario bilingüe. Murió en Managua, Nicaragua, en donde se hallaba dando conferencia y disponiendo la organización de una sociedad folklórica. Fue destacado folclorista. | ||
| 649 | |a XX | ||
| 650 | |a Escritores Jaliscienses - |x Biografías | ||
| 650 | |a Escritores Mexicanos - |x Biografías | ||
| 650 | |a Religiosos Jaliscienses - |x Biografías | ||
| 650 | |a Religiosos Mexicanos - |x Biografías | ||
| 650 | |a Literatura Jalisciense - |x Historia y Crítica | ||
| 650 | |a Literatura Mexicana - |x Historia y Crítica | ||
| 650 | |a Literatura Mexicana - |y Siglo XX | ||
| 910 | |a Fondo Salvador Reynoso Reynoso | ||
| 920 | |a Impresos - Libros | ||
| 930 | |a Fondos Especiales | ||
| 940 | |a Literatura | ||
| 905 | |a 112 | ||
| 901 | |a 0800015934 |b IT2 |c ESP |u 20250521 | ||
| 902 | |a https://opac.biblio.iteso.mx/vufind/Record/000151266 | ||